MARC details
| 000 -LEADER |
| fixed length control field |
01212cam a22001934a 4500 |
| 005 - ΗΜΕΡΟΜΗΝΙΑ ΚΑΙ ΩΡΑ ΤΕΛΕΥΤΑΙΑΣ ΕΝΗΜΕΡΩΣΗΣ |
| Πεδίο ελέγχου |
20250605164020.0 |
| 008 - FIXED-LENGTH DATA ELEMENTS--GENERAL INFORMATION |
| Πεδίο ελέγχου σταθερού μήκους |
250528s ||||||||||||||||||||||||d |
| 035 ## - SYSTEM CONTROL NUMBER |
| System control number |
16313 |
| 040 ## - ΠΗΓΗ ΚΑΤΑΛΟΓΟΓΡΑΦΗΣΗΣ |
| Φορέας πρωτότυπης καταλογογράφησης |
MC Athens Campus Library |
| Γλώσσα καταλογογράφησης |
Ελληνικά, Μοντέρνα (1453-) |
| Modifying agency |
MC Athens Campus Library |
| Κανόνες περιγραφικής καταλογογράφησης |
AACR2 |
| 245 1# - ΤΙΤΛΟΣ ΚΑΙ ΔΗΛΩΣΗ ΥΠΕΥΘΥΝΟΤΗΤΑΣ |
| Τίτλος |
Graphis Shopping Bag 1 / An International Collection of Shopping Bag Design |
| 260 ## - PUBLICATION, DISTRIBUTION, ETC. |
| Name of publisher, distributor, etc. |
Graphic Press Corp, |
| Date of publication, distribution, etc. |
1995 |
| 300 ## - PHYSICAL DESCRIPTION |
| Extent |
226 |
| 505 0# - FORMATTED CONTENTS NOTE |
| Formatted contents note |
Index, Book Store, Candy, Church, Cosmetics, Craft, Design Event, Designer Products, Education, Entertainment, Events, Fashion, Film, Food and Beverages, Furniture, Hairdresser, Industry, Jewerly, Museums, Music, Packaging, Promotion, Retail, Restaurant, Shopping Malls, Services, Social, Sports, Students, Surf Shop, Textiles, Tobacco, Toys, Travel, Xmas. |
| 520 ## - SUMMARY, ETC. |
| Summary, etc. |
Index, Book Store, Candy, Church, Cosmetics, Craft, Design Event, Designer Products, Education, Entertainment, Events, Fashion, Film, Food and Beverages, Furniture, Hairdresser, Industry, Jewerly, Museums, Music, Packaging, Promotion, Retail, Restaurant, Shopping Malls, Services, Social, Sports, Students, Surf Shop, Textiles, Tobacco, Toys, Travel, Xmas. |
| 700 1# - ΠΡΟΣΘΕΤΗ ΑΝΑΓΡΑΦΗ--ΦΥΣΙΚΟ ΠΡΟΣΩΠΟ |
| Personal name |
Pedersen Martin B |
| 9 (RLIN) |
2391 |
| 942 ## - ADDED ENTRY ELEMENTS (KOHA) |
| Koha item type |
Books |